SZA - Saturn (All Lyrics) - Statistics

General Stats
  • This quiz has been taken 533 times
  • The average score is 175 of 245
Answer Stats
Answer % Correct
I
98%
a
96%
be
96%
this
94%
This
94%
life
92%
Saturn
92%
Saturn,
92%
the
92%
The
92%
on
91%
to
89%
better
88%
so
88%
If
86%
me
86%
of
85%
Of
85%
oh
85%
Ooh
85%
some
84%
in
82%
there's
82%
There's
82%
it
81%
all
80%
All
80%
got
80%
Got
80%
pattern
80%
Life's
77%
Stuck
77%
universe,
77%
break
76%
It's
76%
make
76%
Give
75%
noise
75%
(noise)
75%
please
75%
can't
74%
sign,
74%
(sign)
74%
is
73%
away
72%
more,
72%
more
72%
point
72%
another
70%
love
70%
matters
69%
Dreaming
68%
floating
68%
I'll
67%
here
66%
here?
66%
losing
66%
None
66%
not
65%
hate
63%
pain
63%
for
61%
say
61%
taking
60%
always
59%
like
59%
place
59%
Repeating
59%
saving
59%
something
59%
worth
58%
Hell
57%
paradise
57%
though
57%
been
56%
Find
56%
same
56%
(Same)
56%
what
56%
before
55%
must
55%
Sick
55%
being
54%
Don't
54%
good
54%
paradigm
52%
Then
52%
my
51%
real
51%
could
50%
Intrusive
50%
am
49%
reward?
49%
see
49%
still
49%
thoughts,
49%
believe
48%
and
47%
karma's
47%
mine
47%
head
45%
where's
45%
really
44%
die
43%
How
43%
young
42%
poor
40%
as
39%
paralyze
39%
they
39%
Just
37%
Nirvana's
37%
unfair
37%
wrong
37%
gave
35%
advertised
34%
seems
34%
terrible
33%
(Why?)
30%
Making
29%
us
29%
hysterical
23%
terradome
22%
No matching quizzes found
Score Distribution
Percent of People with Each Score
Percentile by Number Answered
Your Score History
You have not taken this quiz